| 000 | 00597nam a22002417a 4500 | ||
|---|---|---|---|
| 001 | 86414 | ||
| 003 | UA-OsUOA | ||
| 005 | 20211108213853.0 | ||
| 007 | ta | ||
| 008 | 20120831b un ||||| |||| 00| 0 ukr d | ||
| 040 |
_aUA-OsUOA _brus _cUA-OsUOA _dUA-OsUOA |
||
| 041 | _arus | ||
| 080 | _a94(73)+(47+57) | ||
| 090 |
_a94(73)+(47+57) _bГ75 |
||
| 100 | _aГрайнер Б. | ||
| 245 | _aНа пути к 3-й мировой войне | ||
| 260 |
_aМ. _c1982 |
||
| 300 | _a170 с. | ||
| 650 | 7 |
_a94 Історія _2UDC |
|
| 700 | _aШтайнгаус К. | ||
| 942 |
_cBK _2udc |
||
| 955 | _a4 | ||
| 999 |
_c373271 _d373271 |
||